000 00457nam a2200157 i 4500
001 37199
003 ES-MaACL
007 t|
008 030220s1933 fr ||||1| fre d
100 1 _aBunin, Iván Alekseevich.
_932552
245 1 3 _aLa nuit /
_cIvan Bounine ; traduit par Boris de Schloezer.
260 _aParis :
_b[s.n.,
_c1933] (
_fHenry Maillet)
300 _a340 p. ;
_c19 cm.
700 1 _aSchloezer, Boris de.
_9104429
852 _aES-MaACL
_jB-8882
999 _c37199
_d37199